000 00735nam a22001937a 4500
999 _c6016
_d6016
005 20260127083441.0
008 260127b ||||| |||| 00| 0 eng d
020 _a9781800781610
040 _cKH8
082 _a823.92 CHA
100 _aCHAN,MAISIE
_eAUTHOR
245 _aKeep Dancing Lizzie Chu
260 _a4th Floor,Victoria House,Bloomsbury Square,London WC1B 4DA
_bPICCADILLY PRESS
_c2022
300 _a214 Pages
_bColour illustration
_c13cm x 19 cm
520 _aTwelve-year-old Lizzie Chu has lived with her Wai Gong (grandfather) in Glasgow since her parents died when she was a baby. But Wai Gong has been acting different lately.-Library Thing-
650 _aJuvenile Fiction
655 _aLiterature
942 _2ddc
_cFIC